| 000 | 00660nam a2200205 i 4500 | ||
|---|---|---|---|
| 001 | 34527 | ||
| 003 | ES-MaACL | ||
| 005 | 20250626063136.0 | ||
| 007 | t| | ||
| 008 | 030207s1956 sp ||||1| spa d | ||
| 100 | 1 |
_aBlum, Léon, _d1872-1950 _929583 |
|
| 245 | 1 | 0 |
_aMemorias _b: (la historia juzgará) / _cLéon Blum ; [versión directa del francés por Víctor Scholz y Mariano Ferrer]. |
| 250 | _a[1ª ed.]. | ||
| 260 |
_aBarcelona : _bA.H.R., _c[1956] ( _fCondal) |
||
| 300 |
_a595 p. ; _c21 cm. |
||
| 700 | 1 |
_aScholz, Víctor. _9104643 |
|
| 700 | 1 |
_aFerrer, Mariano. _950430 |
|
| 852 |
_aES-MaACL _jC-11847 _bR.39920 |
||
| 999 |
_c34527 _d34527 |
||